000 nam a22 7a 4500
999 _c9599
_d9599
008 180205b ||||| |||| 00| 0 eng d
100 _aRizvi,S.
_95734
245 _aFive Friends
260 _aNew Delhi
_bNBT
_c2013